| 000 | 01233cam a2200337 i 4500 | ||
|---|---|---|---|
| 001 | 4470548 | ||
| 003 | EG-ScBUE | ||
| 005 | 20230404101535.0 | ||
| 008 | 960415t1996 maua f b 001 0 eng d | ||
| 020 | _a9780262561075 | ||
| 040 |
_aDLC _beng _erda _cDLC _dDLC _dEG-ScBUE |
||
| 082 | 0 | 4 |
_a701.1809045 _222 _bFOS |
| 100 | 1 |
_aFoster, Hal, _eauthor. |
|
| 245 | 1 | 4 |
_aThe return of the real : _bthe avant-garde at the end of the century / _cHal Foster. |
| 264 | 1 |
_aCambridge : _bThe MIT Press, _c[1996] |
|
| 264 | 4 | _cc1996 | |
| 300 |
_axix, 299 pages : _billustrations ; _c23 cm |
||
| 336 |
_2rdacontent _atext _btxt |
||
| 337 |
_2rdamedia _aunmediated _bn |
||
| 338 |
_2rdacarrier _avolume _bnc |
||
| 500 | _a"An October book." | ||
| 504 | _aIncludes bibliographical references and index. | ||
| 650 | 7 |
_aArt criticism _xHistory _y20th century. _2BUEsh |
|
| 650 | 7 |
_aAvant-garde (Aesthetics) _xHistory _y20th century. _2BUEsh |
|
| 650 | 7 |
_aArt, Modern _y20th century. _2BUEsh |
|
| 653 |
_bART _cApril2023 |
||
| 655 | _vReading book | ||
| 906 |
_a7 _bcbc _corignew _d1 _eocip _f19 _gy-gencatlg |
||
| 942 |
_2ddc _cBB |
||
| 999 |
_c30260 _d30231 |
||